Statistics for Countries With the Widest HDI Above 0.9

Click here to take the quiz!

General Stats

  • This quiz has been taken 37 times
  • The average score is 21 of 22

Answers on the Map

Answers color-coded by a green-red scale on the quiz's map according to % correct below.
 

Answer Stats

%Answer% Correct
97Canada
100%
100Denmark
100%
100Finland
100%
100Germany
100%
100Ireland
100%
100Netherlands
100%
100Norway
100%
54Spain
100%
100Sweden
100%
100Switzerland
100%
97United Kingdom
100%
91United States
100%
100Australia
97%
78Austria
97%
86Belgium
97%
74Japan
97%
95New Zealand
97%
56Italy
94%
80South Korea
94%
62Estonia
83%
68Slovenia
72%
36Greece
61%

Score Distribution

Percentile by Number Answered

Percent of People with Each Score

Your Score History

You have not taken this quiz